Quiz sur les Ardennes - Statistiques

Statistiques générales
  • Ce quiz a été pris 495 fois
  • Le résultat moyen est 15 sur 20
Statistiques - réponses
Question Réponse % Correct
Numéro du département 08
99%
Région Grand-Est
99%
Préfecture et plus grande ville Charleville-Mézières
98%
Pays limitrophe Belgique
95%
Sedan
90%
Marne
88%
Animal emblème du département des Ardennes, représenté sous la forme d'une statue de 8,5 mètres de haut à Saulces-Monclin. Sanglier
83%
Départements limitrophes Aisne
81%
Meuse
79%
Auteur du ''Dormeur du Val'' né dans la préfecture. Arthur Rimbaud
73%
Sous-préfectures Rethel
73%
Gentilé Ardennais
72%
Quatrième ville du département ayant donné son nom à la pointe de l'extrême nord du département, presque entièrement enclavée dans le pays limitrophe. Givet
71%
Type de figurine mis à l'honneur lors d'un festival mondial de la préfecture rassemblant plus de 200 000 personnes par an. Marionnette
67%
Édifice de la deuxième ville du département qui est le plus grand d'Europe dans sa catégorie. Château fort
59%
Vouziers
57%
Les Ardennes sont le seul département français de 1914 à avoir été entièrement ... pendant la Première Guerre mondiale. Occupé
56%
Ancienne province à laquelle appartenait la majorité du département des Ardennes avant le Révolution. Champagne
52%
Nombre d'habitants (arrondi à la dizaine de milliers d'habitants) 270 000 (267 409)
38%
Aviateur mort dans son avion qui s'est écrasé sur la commune de Saint-Morel. Roland Garros
33%
Aucun quiz correspondant
Distribution des résultats
% des personnes avec chaque résultat
Percentile par nombre de réponses
Votre historique - résultats
Vous n’avez pas pris ce quiz